000 00762cam a22002294a 4500
020 _a1403900442 (cloth)
020 _a1403900450 (paper)
040 _cDLC
082 0 0 _a338 PAL 2004 A066 Or.
245 0 0 _aKey issues in development /
260 _aHoundmills, Basingstoke, Hampshire ;
_aNew York :
_bPalgrave Macmillan,
_c2004.
300 _avi, 329 p. :
_bill. ;
_c24 cm.
650 0 _aPoverty
650 0 _aEconomic assistance
650 0 _aEconomic development
650 0 _aGlobalization
700 1 _aKingsbury, Damien.
856 4 2 _uhttp://www.loc.gov/catdir/bios/hol056/2003067560.html
856 4 2 _uhttp://www.loc.gov/catdir/description/hol053/2003067560.html
856 4 1 _uhttp://www.loc.gov/catdir/toc/hol051/2003067560.html
942 _cEK
999 _c14211
_d14211